[Event "Grand Prix finals-A"]
[Site "Winnipeg CAN"]
[Date "2009.11.10"]
[Round "2"]
[White "Greenberg, Harley"]
[Black "Green, Jim"]
[Result "0-1"]
[WhiteElo "1728"]
[BlackElo "1782"]
[PlyCount "46"]
[GameId "2160767910096218"]
[EventDate "2009.11.03"]
[EventType "swiss"]
[EventRounds "6"]
[EventCountry "CAN"]
[SourceTitle "EXT 2011"]
[Source "ChessBase"]
[SourceDate "2011.11.26"]
[SourceVersion "1"]
[SourceVersionDate "2011.11.26"]
[SourceQuality "1"]

1. d4 d5 2. c4 c6 3. Nf3 Nf6 4. Nc3 a6 5. e3 g6 6. Ne5 Nbd7 7. f4 Bg7 8. Be2 O-O 9. O-O e6 10. Bd2 Ne4 11. Nxe4 dxe4 12. Qc2 f5 13. Rad1 g5 14. g3 g4 15. Bc3 Nf6 16. d5 exd5 17. cxd5 Nxd5 18. Bc4 Be6 19. Qb3 Qc7 20. Bd4 b5 21. Be2 Nxf4 22. Qc2 Nxe2+ 23. Qxe2 Bxe5 0-1

[Event "Grand Prix finals-A"]
[Site "Winnipeg CAN"]
[Date "2009.11.10"]
[Round "2"]
[White "Lipnowski, Samuel"]
[Black "Khedkar, Jay S"]
[Result "1-0"]
[WhiteElo "2258"]
[BlackElo "1999"]
[PlyCount "81"]
[GameId "2160767910096219"]
[EventDate "2009.11.03"]
[EventType "swiss"]
[EventRounds "6"]
[EventCountry "CAN"]
[SourceTitle "EXT 2011"]
[Source "ChessBase"]
[SourceDate "2011.11.26"]
[SourceVersion "1"]
[SourceVersionDate "2011.11.26"]
[SourceQuality "1"]

1. e4 e5 2. Nf3 Nf6 3. Nxe5 d6 4. Nf3 Nxe4 5. Nc3 Nxc3 6. dxc3 Be7 7. Be3 O-O 8. Qd2 Nc6 9. O-O-O Bf6 10. h4 Bf5 11. Ng5 Ne5 12. Be2 Ng4 13. Bxg4 Bxg4 14. f3 Bd7 15. Qd3 g6 16. Ne4 Bf5 17. Nxf6+ Qxf6 18. Qd2 Rfe8 19. Bd4 Qe7 20. g4 Bd7 21. Qh6 Qf8 22. Qg5 Re6 23. h5 h6 24. hxg6 Rxg6 25. Qh5 Re8 26. g5 Re2 27. f4 Rg2 28. gxh6 Kh7 29. Bg7 Qc8 30. Qd5 Be6 31. Qd4 Bf5 32. Rd2 Qe6 33. b3 c5 34. Qc4 Qxc4 35. bxc4 Rxd2 36. Kxd2 Rg2+ 37. Ke3 Rxc2 38. Rd1 Rxa2 39. Rxd6 Be6 40. Rd8 Bxc4 41. f5 1-0

[Event "Grand Prix finals-A"]
[Site "Winnipeg CAN"]
[Date "2009.11.10"]
[Round "2"]
[White "Swift, Ryne"]
[Black "Lipic, Stephen"]
[Result "1/2-1/2"]
[WhiteElo "1836"]
[BlackElo "1710"]
[PlyCount "91"]
[GameId "2160767910096220"]
[EventDate "2009.11.03"]
[EventType "swiss"]
[EventRounds "6"]
[EventCountry "CAN"]
[SourceTitle "EXT 2011"]
[Source "ChessBase"]
[SourceDate "2011.11.26"]
[SourceVersion "1"]
[SourceVersionDate "2011.11.26"]
[SourceQuality "1"]

1. e4 c6 2. d4 d5 3. Nd2 dxe4 4. Nxe4 Nf6 5. Nxf6+ gxf6 6. Nf3 Bf5 7. Bd3 Bg6 8. O-O e6 9. Re1 Bd6 10. Bh6 Nd7 11. c4 Qc7 12. c5 Bf4 13. Bxf4 Qxf4 14. Rc1 O-O-O 15. b4 e5 16. Bxg6 hxg6 17. Qc2 exd4 18. Re4 d3 19. Rxf4 dxc2 20. Rxc2 Nxc5 21. g3 Rd1+ 22. Kg2 Nd7 23. Nd2 Rh5 24. Ne4 f5 25. Nc3 Rd3 26. Nb1 Ne5 27. f3 Rd1 28. Nc3 Nd3 29. Nxd1 Ne1+ 30. Kf1 Nxc2 31. h4 Rh8 32. Rc4 Rd8 33. Rxc2 Rxd1+ 34. Kg2 Rd4 35. Rb2 Kd7 36. Kh3 Ke6 37. Rb3 f4 38. g4 f5 39. g5 Rd1 40. Rb2 Rh1+ 41. Rh2 Rg1 42. Rg2 Rf1 43. Re2+ Kf7 44. Kg2 Rb1 45. a3 Rb3 46. Rd2 1/2-1/2

[Event "Grand Prix finals-A"]
[Site "Winnipeg CAN"]
[Date "2009.11.26"]
[Round "3"]
[White "Green, Jim"]
[Black "Czypinski, Jaroslaw"]
[Result "0-1"]
[WhiteElo "1782"]
[BlackElo "1862"]
[PlyCount "108"]
[GameId "2160767910096221"]
[EventDate "2009.11.03"]
[EventType "swiss"]
[EventRounds "6"]
[EventCountry "CAN"]
[SourceTitle "EXT 2011"]
[Source "ChessBase"]
[SourceDate "2011.11.26"]
[SourceVersion "1"]
[SourceVersionDate "2011.11.26"]
[SourceQuality "1"]

1. e4 d5 2. exd5 Nf6 3. Nf3 c6 4. d4 cxd5 5. Be2 Bf5 6. O-O e6 7. c3 Bd6 8. Bb5+ Nbd7 9. Ne5 O-O 10. Nxd7 Nxd7 11. Bd3 Qh4 12. g3 Qh3 13. Bxf5 Qxf5 14. Nd2 Rfc8 15. Qf3 Qxf3 16. Nxf3 Nb6 17. Ne1 Nc4 18. Nd3 Rc6 19. Re1 Rac8 20. Kg2 Kf8 21. h4 b5 22. Ne5 R6c7 23. Nxc4 Rxc4 24. a3 Ke8 25. Bd2 Kd7 26. b3 R4c6 27. b4 Ra6 28. Ra2 Ra4 29. f4 Rc4 30. Rea1 Kc7 31. Kf3 Kd7 32. Ke2 Rc8 33. Kd3 h5 34. Rg1 g6 35. Be1 a5 36. Bd2 axb4 37. cxb4 Rca8 38. Rga1 Ke7 39. Ke3 Kf6 40. Kf3 Kf5 41. Bc3 Rc8 42. Bd2 Rc4 43. Ke3 Kg4 44. Be1 Bc7 45. Kd3 Bb6 46. Bf2 Kf3 47. Re1 Kg4 48. Rea1 Kf3 49. Re1 Rcxb4 50. Re3+ Kg4 51. Re1 Rb3+ 52. Kc2 Rbxa3 53. Rxa3 Rxa3 54. Re2 b4 0-1

[Event "Grand Prix finals-A"]
[Site "Winnipeg CAN"]
[Date "2009.11.26"]
[Round "3"]
[White "Kaptsan, Aron"]
[Black "Lipnowski, Samuel"]
[Result "0-1"]
[WhiteElo "1994"]
[BlackElo "2258"]
[PlyCount "30"]
[GameId "2160767910096222"]
[EventDate "2009.11.03"]
[EventType "swiss"]
[EventRounds "6"]
[EventCountry "CAN"]
[SourceTitle "EXT 2011"]
[Source "ChessBase"]
[SourceDate "2011.11.26"]
[SourceVersion "1"]
[SourceVersionDate "2011.11.26"]
[SourceQuality "1"]

1. d4 d5 2. c4 c6 3. Nc3 Nf6 4. Nf3 dxc4 5. a4 Bf5 6. Ne5 Nbd7 7. Nxd7 Qxd7 8. f3 e5 9. dxe5 Qxd1+ 10. Nxd1 Bb4+ 11. Kf2 Nd7 12. e4 Be6 13. f4 Nc5 14. Kf3 Nb3 15. Rb1 Bd2 0-1

[Event "Grand Prix finals-A"]
[Site "Winnipeg CAN"]
[Date "2009.11.26"]
[Round "3"]
[White "Khedkar, Jay S"]
[Black "Boron, Anthony"]
[Result "0-1"]
[WhiteElo "1999"]
[BlackElo "1997"]
[PlyCount "50"]
[GameId "2160767910096223"]
[EventDate "2009.11.03"]
[EventType "swiss"]
[EventRounds "6"]
[EventCountry "CAN"]
[SourceTitle "EXT 2011"]
[Source "ChessBase"]
[SourceDate "2011.11.26"]
[SourceVersion "1"]
[SourceVersionDate "2011.11.26"]
[SourceQuality "1"]

1. e4 c5 2. Nf3 e6 3. d4 cxd4 4. Nxd4 Nf6 5. Nc3 Nc6 6. Ndb5 Bb4 7. a3 Bxc3+ 8. Nxc3 d5 9. exd5 exd5 10. Bg5 O-O 11. Be2 Bf5 12. O-O d4 13. Na2 h6 14. Bh4 Qd6 15. c4 Rad8 16. Bf3 Ne5 17. Bg3 Nxf3+ 18. Qxf3 Qd7 19. Nb4 Ne4 20. Nd5 Rfe8 21. Qd1 Nxg3 22. fxg3 d3 23. Rf4 Re2 24. Rd4 Qe6 25. Nf4 Qe3+ 0-1

[Event "Grand Prix finals-A"]
[Site "Winnipeg CAN"]
[Date "2009.11.26"]
[Round "3"]
[White "Wasserman, Arie"]
[Black "Lipic, Stephen"]
[Result "0-1"]
[WhiteElo "1696"]
[BlackElo "1710"]
[PlyCount "50"]
[GameId "2160767910096224"]
[EventDate "2009.11.03"]
[EventType "swiss"]
[EventRounds "6"]
[EventCountry "CAN"]
[SourceTitle "EXT 2011"]
[Source "ChessBase"]
[SourceDate "2011.11.26"]
[SourceVersion "1"]
[SourceVersionDate "2011.11.26"]
[SourceQuality "1"]

1. e4 c6 2. Nc3 g6 3. Bc4 Bg7 4. Nf3 e6 5. d4 d5 6. exd5 exd5 7. Bd3 Nf6 8. Qe2+ Be6 9. Ng5 Qe7 10. Nxe6 fxe6 11. Bg5 Nbd7 12. O-O O-O-O 13. Nd1 Qf7 14. Re1 Rde8 15. c4 h6 16. Be3 e5 17. dxe5 Nxe5 18. cxd5 Nxd5 19. Bc4 Nxc4 20. Qxc4 Qd7 21. Qc1 Nb4 22. Re2 Bd4 23. Qd2 Qg4 24. Qxb4 Qxe2 25. Qxd4 Qe1# 0-1

[Event "Grand Prix finals-A"]
[Site "Winnipeg CAN"]
[Date "2009.11.24"]
[Round "4"]
[White "Boron, Anthony"]
[Black "Lipnowski, Samuel"]
[Result "1/2-1/2"]
[WhiteElo "1997"]
[BlackElo "2258"]
[PlyCount "24"]
[GameId "2160767910096225"]
[EventDate "2009.11.03"]
[EventType "swiss"]
[EventRounds "6"]
[EventCountry "CAN"]
[SourceTitle "EXT 2011"]
[Source "ChessBase"]
[SourceDate "2011.11.26"]
[SourceVersion "1"]
[SourceVersionDate "2011.11.26"]
[SourceQuality "1"]

1. d4 Nf6 2. Nf3 d5 3. c4 c6 4. e3 a6 5. Nbd2 e6 6. Bd3 c5 7. cxd5 exd5 8. O-O Nc6 9. dxc5 Bxc5 10. b3 O-O 11. Bb2 Re8 12. Bxf6 Qxf6 1/2-1/2

[Event "Grand Prix finals-A"]
[Site "Winnipeg CAN"]
[Date "2009.11.24"]
[Round "4"]
[White "Green, Jim"]
[Black "Green, Aaron"]
[Result "1/2-1/2"]
[WhiteElo "1782"]
[BlackElo "1967"]
[PlyCount "69"]
[GameId "2160767910096226"]
[EventDate "2009.11.03"]
[EventType "swiss"]
[EventRounds "6"]
[EventCountry "CAN"]
[SourceTitle "EXT 2011"]
[Source "ChessBase"]
[SourceDate "2011.11.26"]
[SourceVersion "1"]
[SourceVersionDate "2011.11.26"]
[SourceQuality "1"]

1. e4 c5 2. Nf3 g6 3. c3 Bg7 4. Bc4 Nc6 5. O-O d6 6. d4 cxd4 7. cxd4 a6 8. h3 b5 9. Bb3 Bb7 10. Re1 Na5 11. Nc3 Rc8 12. e5 Nxb3 13. axb3 e6 14. Bf4 d5 15. Qd2 h6 16. Rec1 g5 17. Be3 Ne7 18. Ne2 Nf5 19. Rxc8 Qxc8 20. Rc1 Qa8 21. Ng3 Nxg3 22. fxg3 Kd7 23. Ne1 Rc8 24. Nd3 Bf8 25. b4 Rxc1+ 26. Nxc1 Qd8 27. Nd3 Qc7 28. b3 Be7 29. g4 Qc8 30. Qc1 Bc6 31. Bd2 Kc7 32. Qf1 Qg8 33. Nc5 Kb6 34. Qa1 Qc8 35. Qf1 1/2-1/2

[Event "Grand Prix finals-A"]
[Site "Winnipeg CAN"]
[Date "2009.11.24"]
[Round "4"]
[White "Greenberg, Harley"]
[Black "Czypinski, Jaroslaw"]
[Result "0-1"]
[WhiteElo "1728"]
[BlackElo "1862"]
[PlyCount "74"]
[GameId "2160767910096227"]
[EventDate "2009.11.03"]
[EventType "swiss"]
[EventRounds "6"]
[EventCountry "CAN"]
[SourceTitle "EXT 2011"]
[Source "ChessBase"]
[SourceDate "2011.11.26"]
[SourceVersion "1"]
[SourceVersionDate "2011.11.26"]
[SourceQuality "1"]

1. d4 d5 2. c4 Nc6 3. Nc3 Nf6 4. Nf3 Bg4 5. cxd5 Bxf3 6. gxf3 Nxd5 7. Bg2 e6 8. O-O Bd6 9. Nxd5 exd5 10. e4 dxe4 11. fxe4 Nxd4 12. e5 Bc5 13. Qg4 Qd7 14. Qxd7+ Kxd7 15. Rd1 Ke6 16. Bxb7 Rab8 17. Ba6 Nf3+ 18. Kg2 Nxe5 19. f4 Rb6 20. Re1 Rxa6 21. Rxe5+ Kd6 22. a3 Rb6 23. Rxc5 Kxc5 24. Be3+ Kd5 25. Bxb6 axb6 26. Rd1+ Ke6 27. Kf3 h6 28. h4 Ra8 29. Rd3 Ra5 30. Rc3 Ra7 31. b4 b5 32. Ke4 g6 33. Rc6+ Kd7 34. Rc3 Ra6 35. Rd3+ Ke6 36. Rc3 Ke7 37. Rd3 Rd6 0-1

[Event "Grand Prix finals-A"]
[Site "Winnipeg CAN"]
[Date "2009.11.24"]
[Round "4"]
[White "Khedkar, Jay S"]
[Black "Kaptsan, Aron"]
[Result "0-1"]
[WhiteElo "1999"]
[BlackElo "1994"]
[PlyCount "80"]
[GameId "2160767910096228"]
[EventDate "2009.11.03"]
[EventType "swiss"]
[EventRounds "6"]
[EventCountry "CAN"]
[SourceTitle "EXT 2011"]
[Source "ChessBase"]
[SourceDate "2011.11.26"]
[SourceVersion "1"]
[SourceVersionDate "2011.11.26"]
[SourceQuality "1"]

1. e4 c5 2. Nf3 d6 3. d4 cxd4 4. Nxd4 Nf6 5. Nc3 g6 6. Be2 Bg7 7. Be3 a6 8. f4 Nbd7 9. O-O Qc7 10. Bf3 e5 11. Nde2 O-O 12. g3 Re8 13. f5 b5 14. fxg6 hxg6 15. Nc1 Bb7 16. Bg2 b4 17. Nd5 Bxd5 18. exd5 Qc4 19. Qd3 Rac8 20. Rf2 Ng4 21. Re2 Qxd3 22. cxd3 Nxe3 23. Rxe3 e4 24. Re2 exd3 25. Rxe8+ Rxe8 26. Nxd3 a5 27. Kf1 Rc8 28. Re1 Kf8 29. Bh3 f5 30. Re6 Nc5 31. Nxc5 dxc5 32. Rxg6 Bxb2 33. Bxf5 Rd8 34. Be6 Rd6 35. Rg8+ Ke7 36. Ra8 c4 37. Rxa5 c3 38. Ke2 c2 39. Ra7+ Ke8 40. Kd2 c1=Q+ 0-1

[Event "Grand Prix finals-A"]
[Site "Winnipeg CAN"]
[Date "2009.12.01"]
[Round "5"]
[White "Green, Jim"]
[Black "Greenberg, Harley"]
[Result "1/2-1/2"]
[WhiteElo "1782"]
[BlackElo "1728"]
[PlyCount "65"]
[GameId "2160767910096229"]
[EventDate "2009.11.03"]
[EventType "swiss"]
[EventRounds "6"]
[EventCountry "CAN"]
[SourceTitle "EXT 2011"]
[Source "ChessBase"]
[SourceDate "2011.11.26"]
[SourceVersion "1"]
[SourceVersionDate "2011.11.26"]
[SourceQuality "1"]

1. e4 c5 2. Nf3 Nc6 3. Bb5 Na5 4. O-O a6 5. Be2 b5 6. b3 Bb7 7. d3 e6 8. Nbd2 Nf6 9. Bb2 d6 10. h3 Be7 11. Kh1 Rc8 12. c4 e5 13. Nh2 Nc6 14. Re1 O-O 15. Nhf1 g6 16. Ne3 Nd4 17. Bxd4 cxd4 18. Nd5 Nxd5 19. exd5 f5 20. Nf3 Bf6 21. Rc1 Re8 22. Bf1 Qb6 23. Qd2 e4 24. dxe4 fxe4 25. Qf4 exf3 26. Qxf6 d3 27. Qxf3 d2 28. Rxe8+ Rxe8 29. Rd1 bxc4 30. Rxd2 Re1 31. Rd1 Rxd1 32. Qxd1 cxb3 33. axb3 1/2-1/2

[Event "Grand Prix finals-A"]
[Site "Winnipeg CAN"]
[Date "2009.12.01"]
[Round "5"]
[White "Kaptsan, Aron"]
[Black "Boron, Anthony"]
[Result "0-1"]
[WhiteElo "1994"]
[BlackElo "1997"]
[PlyCount "86"]
[GameId "2160767910096230"]
[EventDate "2009.11.03"]
[EventType "swiss"]
[EventRounds "6"]
[EventCountry "CAN"]
[SourceTitle "EXT 2011"]
[Source "ChessBase"]
[SourceDate "2011.11.26"]
[SourceVersion "1"]
[SourceVersionDate "2011.11.26"]
[SourceQuality "1"]

1. d4 d5 2. c4 c6 3. Nc3 dxc4 4. e4 b5 5. a4 b4 6. Na2 e5 7. Nf3 exd4 8. Bxc4 Nf6 9. Ng5 Be6 10. Nxe6 fxe6 11. Bxe6 Qd6 12. Bb3 Nbd7 13. O-O O-O-O 14. a5 Nxe4 15. Bd2 Nxd2 16. Qxd2 Nc5 17. Bc4 Nb7 18. Nc1 Qc5 19. b3 Nxa5 20. Nd3 Nxc4 21. bxc4 Qb6 22. Ra4 c5 23. Rfa1 Rd7 24. Ra6 Qb8 25. Qg5 Be7 26. Qxg7 Re8 27. Qxh7 Bd6 28. Qh5 Rde7 29. g3 b3 30. Qd5 b2 31. Qc6+ Bc7 32. Rb1 Re6 33. Qa4 Bb6 34. Qd1 Qb7 35. Ra2 Rh8 36. Raxb2 Rxh2 37. f3 Rxb2 38. Rxb2 Qg7 39. Kg2 Bc7 40. g4 Qh7 41. Nf2 Qh2+ 42. Kf1 Bg3 43. Re2 Rxe2 0-1

[Event "Grand Prix finals-A"]
[Site "Winnipeg CAN"]
[Date "2009.12.01"]
[Round "5"]
[White "Khedkar, Jay S"]
[Black "Lipnowski, Samuel"]
[Result "0-1"]
[WhiteElo "1999"]
[BlackElo "2258"]
[PlyCount "24"]
[GameId "2160767910096231"]
[EventDate "2009.11.03"]
[EventType "swiss"]
[EventRounds "6"]
[EventCountry "CAN"]
[SourceTitle "EXT 2011"]
[Source "ChessBase"]
[SourceDate "2011.11.26"]
[SourceVersion "1"]
[SourceVersionDate "2011.11.26"]
[SourceQuality "1"]

1. e4 c5 2. Nf3 e6 3. d4 cxd4 4. Nxd4 a6 5. Bd3 Nf6 6. O-O Qc7 7. Be3 d5 8. Nd2 e5 9. N4b3 dxe4 10. Nxe4 Ng4 11. Bc5 Bxc5 12. Nbxc5 f5 0-1

[Event "Grand Prix finals-A"]
[Site "Winnipeg CAN"]
[Date "2009.12.01"]
[Round "5"]
[White "Ott, Richard"]
[Black "Green, Leah"]
[Result "1-0"]
[WhiteElo "1555"]
[BlackElo "1268"]
[PlyCount "35"]
[GameId "2160767910096232"]
[EventDate "2009.11.03"]
[EventType "swiss"]
[EventRounds "6"]
[EventCountry "CAN"]
[SourceTitle "EXT 2011"]
[Source "ChessBase"]
[SourceDate "2011.11.26"]
[SourceVersion "1"]
[SourceVersionDate "2011.11.26"]
[SourceQuality "1"]

1. d4 d5 2. c4 e6 3. Nc3 Nf6 4. cxd5 Nxd5 5. Nf3 Nxc3 6. bxc3 Nc6 7. e4 Be7 8. Bd3 Bd7 9. O-O O-O 10. Rb1 b6 11. Qe2 Qc8 12. Rd1 a6 13. d5 exd5 14. exd5 Bd6 15. dxc6 Bxc6 16. Bxh7+ Kh8 17. Nd4 Qb7 18. Qh5 1-0

[Event "Grand Prix finals-A"]
[Site "Winnipeg CAN"]
[Date "2009.12.01"]
[Round "5"]
[White "Wasserman, Arie"]
[Black "De Groot, Steven"]
[Result "0-1"]
[WhiteElo "1787"]
[BlackElo "1688"]
[PlyCount "52"]
[GameId "2160767910096233"]
[EventDate "2009.11.03"]
[EventType "swiss"]
[EventRounds "6"]
[EventCountry "CAN"]
[SourceTitle "EXT 2011"]
[Source "ChessBase"]
[SourceDate "2011.11.26"]
[SourceVersion "1"]
[SourceVersionDate "2011.11.26"]
[SourceQuality "1"]

1. e4 c5 2. Nf3 d6 3. c3 Nf6 4. e5 dxe5 5. Nxe5 Qc7 6. Bb5+ Bd7 7. Nxd7 Nbxd7 8. d3 e6 9. O-O Bd6 10. g3 O-O 11. Bxd7 Qxd7 12. Bg5 Be7 13. Qf3 h6 14. Bf4 Nd5 15. Rd1 Nxf4 16. Qxf4 Qb5 17. b3 Bf6 18. Qd2 Rfd8 19. c4 Qb4 20. Qxb4 cxb4 21. Nd2 Bxa1 22. Rxa1 Rxd3 23. Ne4 b6 24. c5 f5 25. Nd6 bxc5 26. Nc4 Rad8 0-1

[Event "Grand Prix finals-A"]
[Site "Winnipeg CAN"]
[Date "2009.12.08"]
[Round "6"]
[White "Boron, Anthony"]
[Black "Khedkar, Jay S"]
[Result "0-1"]
[WhiteElo "1997"]
[BlackElo "1999"]
[PlyCount "24"]
[GameId "2160767910096234"]
[EventDate "2009.11.03"]
[EventType "swiss"]
[EventRounds "6"]
[EventCountry "CAN"]
[SourceTitle "EXT 2011"]
[Source "ChessBase"]
[SourceDate "2011.11.26"]
[SourceVersion "1"]
[SourceVersionDate "2011.11.26"]
[SourceQuality "1"]

1. d4 d5 2. c4 e6 3. Nc3 c5 4. cxd5 cxd4 5. Qa4+ Bd7 6. Qxd4 exd5 7. Qxd5 Nc6 8. Bg5 Nf6 9. Bxf6 Qxf6 10. Nf3 Bb4 11. O-O-O Be6 12. Ne4 Qf4+ 0-1

[Event "Grand Prix finals-A"]
[Site "Winnipeg CAN"]
[Date "2009.12.08"]
[Round "6"]
[White "Czypinski, Jaroslaw"]
[Black "Green, Jim"]
[Result "1/2-1/2"]
[WhiteElo "1862"]
[BlackElo "1782"]
[PlyCount "52"]
[GameId "2160767910096235"]
[EventDate "2009.11.03"]
[EventType "swiss"]
[EventRounds "6"]
[EventCountry "CAN"]
[SourceTitle "EXT 2011"]
[Source "ChessBase"]
[SourceDate "2011.11.26"]
[SourceVersion "1"]
[SourceVersionDate "2011.11.26"]
[SourceQuality "1"]

1. d4 d5 2. Nf3 c6 3. e3 Nf6 4. Bd3 g6 5. Nbd2 Bg7 6. Ne5 Nbd7 7. f4 O-O 8. O-O c5 9. c3 c4 10. Bc2 e6 11. Ndf3 Nb6 12. Bd2 Ne4 13. Be1 f5 14. Bh4 Bf6 15. Bxf6 Qxf6 16. Ba4 Qe7 17. Rc1 a6 18. g3 Bd7 19. Bxd7 Nxd7 20. Nxd7 Qxd7 21. Ne5 Qe7 22. Rc2 Nf6 23. Rg2 Nd7 24. Nf3 Nf6 25. Ne5 Nd7 26. Nf3 Nf6 1/2-1/2

[Event "Grand Prix finals-A"]
[Site "Winnipeg CAN"]
[Date "2009.12.08"]
[Round "6"]
[White "Lipic, Stephen"]
[Black "Wasserman, Arie"]
[Result "1-0"]
[WhiteElo "1710"]
[BlackElo "1688"]
[PlyCount "37"]
[GameId "2160767910096236"]
[EventDate "2009.11.03"]
[EventType "swiss"]
[EventRounds "6"]
[EventCountry "CAN"]
[SourceTitle "EXT 2011"]
[Source "ChessBase"]
[SourceDate "2011.11.26"]
[SourceVersion "1"]
[SourceVersionDate "2011.11.26"]
[SourceQuality "1"]

1. e4 e5 2. Nf3 Nc6 3. d4 exd4 4. Nxd4 Qf6 5. Be3 Bc5 6. c3 Nge7 7. Bc4 Qg6 8. Qf3 Ne5 9. Qe2 Qxg2 10. Rf1 Qxe4 11. Nd2 Qg6 12. O-O-O d5 13. Rg1 Qf6 14. Bg5 Qb6 15. Bxe7 Bxd4 16. Bxd5 Bf5 17. Nc4 Qh6+ 18. Bg5 Qa6 19. Rxd4 1-0

[Event "Grand Prix finals-A"]
[Site "Winnipeg CAN"]
[Date "2009.12.08"]
[Round "6"]
[White "Lipnowski, Samuel"]
[Black "Kaptsan, Aron"]
[Result "1/2-1/2"]
[WhiteElo "2258"]
[BlackElo "1994"]
[PlyCount "38"]
[GameId "2160767910096237"]
[EventDate "2009.11.03"]
[EventType "swiss"]
[EventRounds "6"]
[EventCountry "CAN"]
[SourceTitle "EXT 2011"]
[Source "ChessBase"]
[SourceDate "2011.11.26"]
[SourceVersion "1"]
[SourceVersionDate "2011.11.26"]
[SourceQuality "1"]

1. e4 Nc6 2. Nf3 e6 3. d4 d5 4. e5 f6 5. exf6 gxf6 6. Nh4 Bg7 7. Qh5+ Kf8 8. c3 Qe8 9. Qxe8+ Kxe8 10. Be2 Nge7 11. Bh5+ Kf8 12. O-O e5 13. dxe5 fxe5 14. Na3 a6 15. Bg5 Nf5 16. Rad1 Nxh4 17. Bxh4 Be6 18. f4 exf4 19. Rxf4+ Kg8 1/2-1/2

[Event "Grand Prix finals-B"]
[Site "Winnipeg CAN"]
[Date "2009.11.10"]
[Round "2"]
[White "Czypinski, Jaroslaw"]
[Black "Green, Aaron"]
[Result "1-0"]
[WhiteElo "1862"]
[BlackElo "1967"]
[PlyCount "31"]
[GameId "2160767910096238"]
[EventDate "2009.11.03"]
[EventType "tourn"]
[EventRounds "6"]
[EventCountry "CAN"]

1. e4 c5 2. d4 cxd4 3. c3 dxc3 4. Nxc3 Nc6 5. Nf3 d6 6. Bc4 Nf6 7. e5 dxe5 8. Qxd8+ Kxd8 9. Ng5 Nd4 10. Nxf7+ Kc7 11. O-O Rg8 12. Nxe5 Rh8 13. Nf7 Rg8 14. Bf4+ Kb6 15. Rfd1 Ne6 16. Be3+ 1-0

[Event "Grand Prix finals-C"]
[Site "Winnipeg CAN"]
[Date "2009.11.03"]
[Round "1"]
[White "Swift, Ryne"]
[Black "Wasserman, Arie"]
[Result "0-1"]
[WhiteElo "1802"]
[BlackElo "1688"]
[PlyCount "68"]
[GameId "2160767910096239"]
[EventDate "2009.11.03"]
[EventType "tourn"]
[EventRounds "6"]
[EventCountry "CAN"]

1. e4 e5 2. Nf3 Nc6 3. d4 exd4 4. Nxd4 Qf6 5. Nxc6 Qxc6 6. Nc3 Bb4 7. Qd4 Bxc3+ 8. bxc3 Nf6 9. Qe5+ Qe6 10. Qxe6+ dxe6 11. Bd3 b6 12. Bf4 c5 13. e5 Nd5 14. Bg3 Nxc3 15. Kd2 Nd5 16. Be4 Bb7 17. c4 O-O-O 18. cxd5 exd5 19. Bf5+ Kb8 20. e6+ Ka8 21. exf7 Rhf8 22. Bc7 Rxf7 23. Bxd8 Rxf5 24. Bh4 Rf4 25. Bg3 Rd4+ 26. Ke2 Rc4 27. f3 Ba6 28. Kf2 Rc2+ 29. Kg1 d4 30. h3 d3 31. Kh2 d2 32. Bf4 Be2 33. Kg3 d1=Q 34. Raxd1 Bxd1 0-1

[Event "Grand Prix finals-C"]
[Site "Winnipeg CAN"]
[Date "2009.11.08"]
[Round "1"]
[White "Lipic, Stephen"]
[Black "De Groot, Steven"]
[Result "1-0"]
[WhiteElo "1751"]
[BlackElo "1787"]
[PlyCount "67"]
[GameId "2160767910096240"]
[EventDate "2009.11.03"]
[EventType "tourn"]
[EventRounds "6"]
[EventCountry "CAN"]

1. e4 c5 2. Nc3 d6 3. f4 Nc6 4. Bb5 a6 5. Bxc6+ bxc6 6. d3 e6 7. Nf3 d5 8. e5 Nh6 9. b3 Be7 10. O-O O-O 11. Ba3 Qa5 12. Na4 f5 13. Qe1 Qb5 14. c4 Qb7 15. Qa5 Nf7 16. Bxc5 Bxc5+ 17. Nxc5 Qa7 18. Kh1 Nd8 19. Na4 Nb7 20. Qc7 Rf7 21. Qxc6 Bd7 22. Qb6 Bxa4 23. Qxa7 Rxa7 24. bxa4 dxc4 25. dxc4 Rc7 26. Rac1 Nc5 27. a5 Nd3 28. Rc3 Nb2 29. Rfc1 Na4 30. Rb3 h6 31. Nd4 Kf7 32. g3 Rc5 33. Rb4 Rxa5 34. Nc6 1-0

[Event "Grand Prix finals-C"]
[Site "Winnipeg CAN"]
[Date "2009.11.10"]
[Round "2"]
[White "De Groot, Steven"]
[Black "Wasserman, Arie"]
[Result "1/2-1/2"]
[WhiteElo "1787"]
[BlackElo "1688"]
[PlyCount "45"]
[GameId "2160767910096241"]
[EventDate "2009.11.03"]
[EventType "tourn"]
[EventRounds "6"]
[EventCountry "CAN"]

1. e4 e5 2. Nf3 Nc6 3. Bb5 a6 4. Ba4 Bc5 5. O-O d6 6. h3 Nf6 7. Re1 b5 8. Bb3 Na5 9. c3 Nxb3 10. Qxb3 O-O 11. d4 exd4 12. cxd4 Be6 13. d5 Bd7 14. Bg5 c6 15. Nc3 h6 16. Be3 Bxe3 17. Rxe3 c5 18. Rae1 Re8 19. Nd2 Nh5 20. Qd1 Qg5 21. Nf3 Qg6 22. Nh4 Qg5 23. Nf3 1/2-1/2

[Event "Grand Prix finals-C"]
[Site "Winnipeg CAN"]
[Date "2009.11.26"]
[Round "3"]
[White "De Groot, Steven"]
[Black "Swift, Ryne"]
[Result "1/2-1/2"]
[WhiteElo "1787"]
[BlackElo "1802"]
[PlyCount "67"]
[GameId "2160767910096242"]
[EventDate "2009.11.03"]
[EventType "tourn"]
[EventRounds "6"]
[EventCountry "CAN"]

1. c4 c5 2. Nc3 Nf6 3. g3 Nc6 4. Bg2 d6 5. e4 Bd7 6. Nge2 g6 7. O-O Bg7 8. d3 O-O 9. Bg5 h6 10. Be3 a6 11. Qd2 Ng4 12. h3 Nxe3 13. Qxe3 Nd4 14. Rac1 Bc6 15. Kh2 b5 16. Qd2 Qa5 17. Rfd1 b4 18. Nd5 Ra7 19. Nxd4 Bxd4 20. a3 Bxd5 21. cxd5 Kg7 22. axb4 Qxb4 23. Qxb4 cxb4 24. Rc4 Bxb2 25. Rxb4 Bf6 26. d4 a5 27. Ra4 Rb8 28. f4 e6 29. e5 Be7 30. dxe6 fxe6 31. Rda1 Rb5 32. exd6 Bxd6 33. Rc4 Rb6 34. Rc6 1/2-1/2